000 01747nam0a2200361 4500
001 RU\NLR\bibl\2010100
005 20240723093258.0
010 _9100
020 _aRU
_b20-16422
_9Летопись авторефератов диссертаций
021 _aRU
_b2012-10634а
_9426аа
035 _a(NLR Aleph) 001998665
090 _a4327529
_c4327529
100 _a20120807d2012 u u0rusy50 ca
101 0 _arus
102 _aRU
105 _aa dm |||||
200 1 _aСтруктурная организация лимфоидной ткани в стенке слепой кишки после действия гипокинезии
_e(экспериментальное исследование)
_eавтореф. дис. на соиск. учен. степ. к. м. н.
_eспециальность 14.03.01 <Анатомия человека>
_fГаниева Аида Исметовна
_g[Дагест. гос. мед. акад.]
_gМесто защиты: Сарат. гос. мед. ун-т им. В. И. Разумовского
210 _aСаратов
_d2012
215 _a22 с.
_cил.
_d21
300 _aНа тит. л. ошибочно спец.
320 _aБиблиогр.: с. 21 (6 назв.)
675 _a611
_v3
_zrus
686 _a34.41
_2rugasnti
686 _a28.706
_2rubbk
686 _a14.00.02
_2oksvnk
700 1 _aГаниева
_bА. И.
_gАида Исметовна
_4070
801 0 _aRU
_bRKP
_c20120807
_gPSBO
801 1 _aRU
_bRKP
_c20120807
801 2 _aRU
_bNLR
_c20130312
_grcr
901 _eАвторефераты
942 _cBOOK
981 1 0 _a(10) Авторефераты